000 00709nam a2200289Ia 4500
005 20260324134230.0
008 008 260324s9999 xx 000 0 eng d
020 _a9781315702506
037 _aEBOOK
040 _aCRL
040 _beng
040 _cCRL
041 _2eng
041 _aeng
084 _qCRL
100 _aV. A. Kozlov; Elaine McClarnand
_91196059
245 0 _aMass Uprisings in the USSR
245 0 _bProtest and Rebellion in the Post-Stalin Years
260 _bTaylor and Francis
260 _c2002
365 _a
365 _b290
856 _uhttp://www.taylorfrancis.com/books/9781315702506
942 _cEBOOK
999 _c1795902
_d1795902